Từ điển Anh - Việt = English - Vietnamese dictionary

Sách là quyển từ điến giới thiệu nghĩa của từ trong tiếng Anh.

Đã lưu trong:
Bibliografiske detaljer
Institution som forfatter: Viện Ngôn Ngữ học
Format: Bog
Sprog:Undetermined
Udgivet: Thành phố Hồ Chí Minh Nhà xuất bản Thành phố Hồ Chí Minh 1996
Fag:
Tags: Tilføj Tag
Ingen Tags, Vær først til at tagge denne postø!
Thư viện lưu trữ: Trung tâm Học liệu Trường Đại học Cần Thơ
LEADER 00765nam a2200217Ia 4500
001 CTU_122770
008 210402s9999 xx 000 0 und d
082 |a 423.95922 
082 |b V305 
110 |a Viện Ngôn Ngữ học 
245 0 |a Từ điển Anh - Việt = 
245 0 |b English - Vietnamese dictionary 
245 0 |c Viện Ngôn Ngữ học 
260 |a Thành phố Hồ Chí Minh 
260 |b Nhà xuất bản Thành phố Hồ Chí Minh 
260 |c 1996 
520 |a Sách là quyển từ điến giới thiệu nghĩa của từ trong tiếng Anh. 
650 |a English language 
650 |x Dictionaries 
904 |i M.Loan 
980 |a Trung tâm Học liệu Trường Đại học Cần Thơ